தௌஹீதின் யதார்த்த நிலை: (Record no. 2860)

MARC details
000 -LEADER
fixed length control field 007140000a22001930004500
003 - CONTROL NUMBER IDENTIFIER
control field LK-CoMWRAF
005 - DATE AND TIME OF LATEST TRANSACTION
control field 20240605134839.0
008 - FIXED-LENGTH DATA ELEMENTS--GENERAL INFORMATION
fixed length control field 230817t1998 ||||| |||| 00| 0 eng d
040 ## - CATALOGING SOURCE
Original cataloging agency LK-CoMWRAF
Modifying agency LK-CoMWRAF
Description conventions LK-CoMWRAF
041 ## - LANGUAGE CODE
Language code of text/sound track or separate title English
082 ## - DEWEY DECIMAL CLASSIFICATION NUMBER
Classification number 297.122
Item number KAR
942 ## - ADDED ENTRY ELEMENTS (KOHA)
Koha item type Books
100 ## - MAIN ENTRY--PERSONAL NAME
Personal name கர்ளவி, யூசுப் அல்
Personal name (Transliterated) Karlavi, Yoosuf Al
245 ## - TITLE STATEMENT
Title தௌஹீதின் யதார்த்த நிலை:
Remainder of title தௌஹீத் இறை நம்பிக்கையின் அடிப்படை
246 ## - VARYING FORM OF TITLE
Title proper/short title Thowheethin yathartha nilai: Thowheeth irai nambikaiyin adipadai
260 ## - PUBLICATION, DISTRIBUTION, ETC. (IMPRINT)
Place of publication, distribution, etc. Colombo:
Name of publisher, distributor, etc. Meelparvai,
Date of publication, distribution, etc. 1998
300 ## - PHYSICAL DESCRIPTION
Extent 64 p.
650 ## - SUBJECT ADDED ENTRY--TOPICAL TERM
Topical term or geographic name as entry element TAWHEED-Islam
Holdings
Withdrawn status Lost status Damaged status Not for loan Permanent Location Current Location Date acquired Full call number Barcode Koha item type
        Resource center, Muslim Women's Research And Action Forum Resource center, Muslim Women's Research And Action Forum 2023-08-17 297.122 KAR RAF5208 Books

Copyright © 2023 Muslim Women's Research and Action Forum (MWRAF), No 27/3, Anderson Road, Kalubowila, Dehiwela. Funded by The Asia Fundation